Golden jubilee souvenir of Bhagavan Sri Ramana Maharshi (Record no. 152466)

MARC details
000 -LEADER
fixed length control field 00617nam a2200253Ia 4500
003 - CONTROL NUMBER IDENTIFIER
control field OSt
005 - DATE AND TIME OF LATEST TRANSACTION
control field 20220918174255.0
008 - FIXED-LENGTH DATA ELEMENTS--GENERAL INFORMATION
fixed length control field 220917b |||||||| |||| 00| 0 eng d
037 ## - SOURCE OF ACQUISITION
Terms of availability Textual
040 ## - CATALOGING SOURCE
Original cataloging agency ARTS
Transcribing agency ARTS
Language of cataloging eng
041 ## - LANGUAGE CODE
Source of code eng
Language code of text/sound track or separate title eng
110 ## - MAIN ENTRY--CORPORATE NAME
Corporate name or jurisdiction name as entry element Golden
9 (RLIN) 49784
245 #0 - TITLE STATEMENT
Title Golden jubilee souvenir of Bhagavan Sri Ramana Maharshi
250 ## - EDITION STATEMENT
Edition statement 2nd
260 ## - PUBLICATION, DISTRIBUTION, ETC.
Date of publication, distribution, etc. 1949
650 ## - SUBJECT ADDED ENTRY--TOPICAL TERM
Topical term or geographic name entry element SPIRITUALISM
700 ## - ADDED ENTRY--PERSONAL NAME
Personal name Golden
9 (RLIN) 49785
942 ## - ADDED ENTRY ELEMENTS (KOHA)
Classification part /\1jM96, H9
Koha item type Textual
Source of classification or shelving scheme Colon Classification (CC)
Holdings
Withdrawn status Lost status Damaged status Not for loan Home library Current library Date acquired Total Checkouts Full call number Barcode Date last seen Price effective from Koha item type
        Arts Library Arts Library 2022-09-18   /\1jM96 H9 AL0069048 2022-09-18 2022-09-18 Textual
Copyright @ Delhi University Library System